000 01735cam a22005294i 4500
003 PE-LiUPU
005 20250731165353.0
008 150617s r 000 0 d
020 _a8431305673
035 _a(Sirsi) i9788431305673
040 _aPE-LiUPU
_bspa
_cPE-LiUPU
_erda
049 _aPRUA
082 0 4 _a070.172
_bC28
_221
100 1 _aCasado Velarde, Manuel,
_eautor.
245 1 0 _aLengua e Ideología :
_bEstudio de Diario Libre /
_cManuel Casado Velarde.
264 1 _aPamplona :
_bEUNSA,
_c1978.
300 _a220 páginas ;
_c21 centímetros.
336 _atext
_2rdacontent
337 _aunmediated
_2rdamedia
338 _avolume
_2rdacarrier
490 0 _aColecciones Ciencias de la Información ;
_v31
504 _aIncluye bibliografía.
505 0 _aUn diario con personalidad propia -- Expediente de identidad -- Morfología hemerográfica -- La lengua -- Fuentes.
526 _aSEG44
526 _aSEG26
526 _aP151
526 _aP150
526 _aP149
526 _aP146
526 _aP145
526 _aP126
526 _aP125
526 _aP92
526 _aP75
526 _aP74
526 _aP27
526 _aP15
650 0 4 _aDiario libre.
650 0 4 _aLengua española
_xArgots y jergas.
910 _ajck
_bjvq
_cjck
_d20150616
942 _2ddc
_cBOOK
949 _a070.172 C28
_wDEWEY
_c1
_i22057
_lCCODEBUL1
_mBUL
_r0
_sY
_tBOOK
_u2015-6-17
_xEDUCACION
_zUNKNOWN
_0COMPRA
_o.STAFF. Colección General
994 _aC0
_bPEPRU
596 _a1
999 _a070.172 C28
_wDEWEY
_c1781
_i22057
_f2021-11-4
_g5
_lCCODEBUL1
_mBUL
_r0
_sY
_tBOOK
_u2015-6-17
_xBIBLIOTECA
_zUNKNOWN
_0COMPRA
_o.STAFF. Colección General
_d1781
980 _81
_gALBERTO SANCHEZ Responsable de Automatización